书目信息 |
| 书名: | Twentieth century physics | |
| 作者: | Joseph Norwood, Jr | |
| 分册号: | ||
| 分册名: | 出版地: | Englewood Cliffs, N.J. : |
|
| 出版社: | Prentice-Hall | |
| 出版时间: | c1976. | |
| 页数: | ix, 405 p. : | |
| 开本: | 24 cm. | |
| 丛书名: | ||
| 中图分类号: | ||
| 科图分类号: | ||
| 其他分类号: | O4:H31 | |
| 主题词: | ||
| 电子资源: | ||
| 000 | 00880nam 2200277 a 4500 | |
| 001 | E0730327280 | |
| 005 | 20070302082541.09 | |
| 008 | 00110 eng | |
| 008 | uu | |
| 010 | @a74034313 | |
| 020 | @a0139351558 :@c$16.95. | |
| 049 | @aN5LA | |
| 050 | 0 | @aQC21.2 @b.N67 |
| 082 | @a539 | |
| 090 | @a2/O4-1/NJ/////854685/*907556-7/ cop.2-3 | |
| 090 | @aO4:H31 | |
| 096 | @aO4-1 @v2 | |
| 099 | @dO4:H31@ex106 | |
| 100 | 10 | @aNorwood, Joseph, @cJr. |
| 245 | 10 | @aTwentieth century physics / @cJoseph Norwood, Jr |
| 260 | 0 | @aEnglewood Cliffs, N.J. :@bPrentice-Hall,@cc1976. |
| 300 | @aix, 405 p. :@bill. ;@c24 cm. | |
| 490 | 0 | @aPrentice-Hall physics series |
| 504 | @aIncludes bibliographies and index. | |
| 650 | 0 | @aPhysics. @b00 @c20020930 @lNLC09 @h2247 @b00 @c20021019 @lNLC09 @h1900 @lNLC09 @h2308 @lNLC09 @h1900 |
| 852 | 9 | @bWWJC @cJ08S @k2 @hO4-1 @iNJ |
| Twentieth century physics / / Joseph Norwood, Jr.-Englewood Cliffs, N.J. : : Prentice-Hall, , c1976. |
| ix, 405 p. : : ill. ; ; 24 cm.- (Prentice-Hall physics series ) |
| Includes bibliographies and index. |
| ISBN 0139351558 :$16.95. |
| ● |
| 相关链接 |
|
|
|
|
正题名:Twentieth century physics
索取号:O4:H31/x106
 
预约/预借
| 序号 | 登录号 | 条形码 | 馆藏地/架位号 | 状态 | 备注 |
| 1 | 47689 | 000451148 | 第四借阅区/ [索取号:O4:H31/x106] | 在馆 |